Statistiques concernant QCM: Culture Générale du Football #3: l'Euro

Cliquez ici pour prendre le quiz!

Statistiques générales

  • Ce quiz a été pris 2 244 fois
  • Le résultat moyen est 11 sur 25

Statistiques - réponses

QuestionRéponse% Correct
Quelle nation a remportée l'édition ci-dessus?Portugal
93%
Quel pays a accueilli l'édition de 2016?France
92%
Quelle sera la particularité de l'Euro 2020?Il se jouera dans plusieurs pays en même temps
79%
Quel joueur est, avec Cristiano Ronaldo, co-meilleur buteur de la compétition?Platini
61%
Quel stade n'a pas été retenu pour l'Euro 2020?Santiago Bernabeu, Madrid
59%
Quelle équipe a joué le plus la finale?Allemagne
58%
Le pénalty décisif de la finale de 1976 est entré dans l'Histoire. Pourquoi?Le pénalty est "une panenka", du nom du joueur qui l'a tiré
57%
Quelle équipe n'a jamais remporté la compétition à ce jour?Angleterre
56%
Où se jouera l'édition de 2024?Allemagne
47%
Laquelle des finales suivantes ne s'est jamais jouée?Allemagne - France
46%
Lequel de ces joueurs n'a jamais marqué en finale?Thierry Henry
45%
Qui a gagné la première édition?URSS
43%
Quelle nation a participé au plus grand nombre de compétition?Allemagne
42%
Quelle(s) nation(s) a le plus remporté la compétition?Allemagne et Espagne ex-aequo
38%
En 1992, le Danemark crée la surprise en remportant la compétition. Cette victoire est d'autant plus surprenante car elle n'était pas censée y participer. Pour quelle raison fut-elle ajoutée à la compétition?Elle remplaça la Yougoslavie qui était à peine entrée en guerre civile
38%
Quelle équipe n'était pas une débutante dans la compétition lors de l'édition de 2016?Hongrie
35%
Quel pays n'a pas organisé l'Euro en partenariat avec un autre pays?Portugal
35%
Quel pays a le plus accueilli la compétition?France
32%
En 1968, l'Italie bat en demi-finale l'URSS par quel moyen?Tirage au sort
30%
Quelle équipe n'a pas vaincu l'Allemagne en finale?Italie
26%
Parmi ces nations, laquelle n'a jamais accueilli la compétition?Tchécoslovaquie
26%
Quelle proposition est FAUSSE concernant le Portugal ET la France, finalistes de l'édition 2016?Elles ne s'étaient jamais rencontrées dans l'Histoire de la compétition avant de jouer cette finale
21%
Quelle équipe n'a jamais atteint la finale?Suède
15%
Lors de quelle édition le match pour la 3ème place s'est pour la dernière fois joué?Italie 1980
12%
Parmi ces équipes, laquelle n'a pas remporté la coupe à domicile?Allemagne
10%

Distribution des résultats

Percentile par nombre de réponses

% des personnes avec chaque résultat

Votre développement - résultats

Vous n’avez pas pris ce quiz